[Event "Subotica-ch op"]
[Site "Subotica"]
[Date "2016.02.29"]
[Round "4"]
[White "Mandovic, Mirko"]
[Black "Vranic, Ljubomir"]
[Result "1/2-1/2"]
[WhiteElo "1973"]
[BlackElo "2170"]
[PlyCount "125"]
[EventDate "2016.02.22"]
[EventType "swiss"]
[EventRounds "9"]
[EventCountry "SRB"]
[SourceTitle "CBM 171 Extra"]
[Source "ChessBase"]
[SourceDate "2016.04.26"]
[SourceVersion "1"]
[SourceVersionDate "2016.04.26"]
[SourceQuality "1"]

1. Nf3 Nf6 2. g3 d5 3. Bg2 c6 4. d3 h6 5. Nbd2 Bf5 6. c4 e6 7. Qb3 Qc8 8. d4 Nbd7 9. Ne5 Nxe5 10. dxe5 Nd7 11. Qc3 a5 12. a3 Qb8 13. f4 Ra6 14. 0-0 Bc5+ 15. Kh1 0-0 16. e4 dxe4 17. Nxe4 Bxe4 18. Bxe4 Rd8 19. Qf3 Nf8 20. h4 Ra8 21. b3 Qc7 22. Ra2 Qe7 23. a4 Rd7 24. Rg2 Rad8 25. Kh2 Ba3 26. Be3 Bc5 27. Bc1 Bd4 28. Rd2 Bg1+ 29. Kxg1 Rxd2 30. Bxd2 Rxd2 31. Rf2 Qc5 32. Kg2 Rd4 33. Re2 Qb6 34. Qe3 Qd8 35. h5 Rd1 36. Bc2 Rd7 37. Qc3 c5 38. Qe3 Rd4 39. Rf2 b6 40. Qf3 Nd7 41. Rf1 Nf8 42. Rd1 Rd7 43. Rxd7 Qxd7 44. Qd3 f6 45. exf6 Qxd3 46. f7+ Kxf7 47. Bxd3 Kf6 48. g4 Nd7 49. Kg3 Nb8 50. Be4 Na6 51. Kh4 Nc7 52. g5+ Ke7 53. Kg4 Ne8 54. Bg6 Nd6 55. f5 hxg5 56. Kxg5 Ne4+ 57. Kf4 Nd2 58. Ke5 Nxb3 59. fxe6 Nd4 60. Bf7 Nc6+ 61. Kd5 Nb4+ 62. Ke5 Nc6+ 63. Kd5 1/2-1/2

[Event "Subotica-ch op"]
[Site "Subotica"]
[Date "2016.02.24"]
[Round "2"]
[White "Mandovic, Mirko"]
[Black "Szakal, Sandor"]
[Result "1-0"]
[WhiteElo "1973"]
[BlackElo "1572"]
[PlyCount "49"]
[EventDate "2016.02.22"]
[EventType "swiss"]
[EventRounds "9"]
[EventCountry "SRB"]
[SourceTitle "CBM 171 Extra"]
[Source "ChessBase"]
[SourceDate "2016.04.26"]
[SourceVersion "1"]
[SourceVersionDate "2016.04.26"]
[SourceQuality "1"]

1. d4 d5 2. c4 c6 3. Nf3 Nf6 4. Nc3 h6 5. Qb3 Qb6 6. c5 Qxb3 7. axb3 Nbd7 8. e3 e6 9. b4 b5 10. Bd3 Nb8 11. Ne5 Nfd7 12. f4 Nxe5 13. fxe5 Na6 14. Na2 g6 15. 0-0 Bg7 16. Bd2 Rf8 17. Rf2 Ke7 18. Raf1 Bd7 19. Nc1 h5 20. e4 f5 21. exf6+ Rxf6 22. Rxf6 Bxf6 23. e5 Bg7 24. Bg5+ Ke8 25. Bxg6# 1-0

[Event "Subotica-ch op"]
[Site "Subotica"]
[Date "2016.02.22"]
[Round "1"]
[White "Ilic, Nikola G"]
[Black "Mandovic, Mirko"]
[Result "1/2-1/2"]
[WhiteElo "1639"]
[BlackElo "1973"]
[PlyCount "30"]
[EventDate "2016.02.22"]
[EventType "swiss"]
[EventRounds "9"]
[EventCountry "SRB"]
[SourceTitle "CBM 171 Extra"]
[Source "ChessBase"]
[SourceDate "2016.04.26"]
[SourceVersion "1"]
[SourceVersionDate "2016.04.26"]
[SourceQuality "1"]

1. e4 c5 2. Nf3 e6 3. d4 cxd4 4. Nxd4 a6 5. Be2 d6 6. 0-0 Nf6 7. Nc3 Bd7 8. Re1 Be7 9. h3 Nc6 10. Nf3 Rc8 11. Bd3 Qc7 12. Be3 Ne5 13. Nxe5 dxe5 14. Qd2 Bb4 15. Rab1 0-0 1/2-1/2

[Event "Subotica-ch"]
[Site "Subotica"]
[Date "2014.03.07"]
[Round "8"]
[White "Bosnjak, Slobodan"]
[Black "Mandovic, Mirko"]
[Result "1/2-1/2"]
[WhiteElo "1854"]
[BlackElo "2010"]
[PlyCount "51"]
[EventDate "2014.02.19"]
[EventType "swiss"]
[EventRounds "9"]
[EventCountry "SRB"]
[SourceTitle "CBM 159 Extra"]
[Source "ChessBase"]
[SourceDate "2014.04.24"]
[SourceVersion "1"]
[SourceVersionDate "2014.04.24"]
[SourceQuality "1"]

1. e4 c5 2. g3 Nc6 3. Bg2 g6 4. Nf3 Bg7 5. 0-0 d6 6. c3 Nf6 7. Re1 0-0 8. d4 e5 9. dxe5 dxe5 10. Qc2 Qe7 11. Bg5 h6 12. Be3 Be6 13. Nfd2 Ng4 14. Nf1 Nxe3 15. Nxe3 b5 16. Nd5 Qb7 17. Nd2 c4 18. b3 Ne7 19. bxc4 bxc4 20. Nxc4 Nxd5 21. exd5 Bxd5 22. Rab1 Qc6 23. Na5 Qc5 24. Nb3 Qc4 25. Na5 Qc5 26. Nb3 1/2-1/2

[Event "Subotica-ch"]
[Site "Subotica"]
[Date "2014.03.03"]
[Round "6"]
[White "Mandovic, Mirko"]
[Black "Doslov, Ostoja"]
[Result "0-1"]
[WhiteElo "2010"]
[BlackElo "1875"]
[PlyCount "74"]
[EventDate "2014.02.19"]
[EventType "swiss"]
[EventRounds "9"]
[EventCountry "SRB"]
[SourceTitle "CBM 159 Extra"]
[Source "ChessBase"]
[SourceDate "2014.04.24"]
[SourceVersion "1"]
[SourceVersionDate "2014.04.24"]
[SourceQuality "1"]

1. Nf3 d5 2. g3 c5 3. Bg2 Nc6 4. c4 d4 5. d3 e5 6. Nbd2 f5 7. Nb3 Nf6 8. 0-0 Bd6 9. e3 0-0 10. exd4 cxd4 11. Ng5 h6 12. Nh3 Be6 13. Re1 Qd7 14. f3 e4 15. Nf4 Bf7 16. fxe4 fxe4 17. dxe4 Bxc4 18. Bh3 Qe8 19. Nd2 Bf7 20. Qe2 Bc5 21. Nd3 Bd6 22. Nf3 Bh5 23. e5 Nd5 24. g4 Bg6 25. Kg2 Bc7 26. Bd2 Bb6 27. a3 Rd8 28. Rac1 Ne3+ 29. Kg3 Be4 30. Bg2 Bc7 31. Bxe3 dxe3 32. Rc3 Rxf3+ 33. Bxf3 Bxd3 34. Qg2 Bxe5+ 35. Kh3 Bxc3 36. Rc1 Bf6 37. Re1 Qe6 0-1

[Event "Subotica-ch"]
[Site "Subotica"]
[Date "2011.02.23"]
[Round "2"]
[White "Meszaros, Bela"]
[Black "Mandovic, Mirko"]
[Result "1-0"]
[WhiteElo "2307"]
[BlackElo "2031"]
[PlyCount "51"]
[EventDate "2011.02.21"]
[EventType "swiss"]
[EventRounds "9"]
[EventCountry "SRB"]
[SourceTitle "CBM 141 Extra"]
[Source "ChessBase"]
[SourceDate "2011.05.03"]
[SourceVersion "1"]
[SourceVersionDate "2011.05.03"]
[SourceQuality "1"]

1. e4 c5 2. Nf3 e6 3. d4 cxd4 4. Nxd4 a6 5. Nc3 d6 6. Be2 Nf6 7. 0-0 Be7 8. Kh1 Qc7 9. f4 Nc6 10. Be3 Bd7 11. Nb3 b5 12. a3 0-0 13. g4 Na5 14. Nxa5 Qxa5 15. g5 Ne8 16. f5 Qc7 17. Qd2 Bc6 18. fxe6 fxe6 19. Bg4 Bd7 20. Qg2 Qd8 21. Qh3 Qc8 22. Nd5 Rxf1+ 23. Rxf1 exd5 24. Bxd7 Qc4 25. Be6+ Kh8 26. Bxd5 1-0

[Event "Subotica-ch"]
[Site "Subotica"]
[Date "2010.03.10"]
[Round "9"]
[White "Vojvodic, Branko"]
[Black "Mandovic, Mirko"]
[Result "1-0"]
[WhiteElo "2064"]
[BlackElo "2016"]
[PlyCount "55"]
[EventDate "2010.02.17"]
[EventType "swiss"]
[EventRounds "9"]
[EventCountry "SRB"]
[SourceTitle "EXT 2019"]
[Source "ChessBase"]
[SourceDate "2018.10.10"]
[SourceVersion "1"]
[SourceVersionDate "2018.10.10"]
[SourceQuality "1"]

1. e4 g6 2. d4 d6 3. Nc3 Nd7 4. Nf3 Bg7 5. Bc4 Nb6 6. Bb3 Nf6 7. Bg5 h6 8. Bf4 Nh5 9. Be3 c6 10. Qd2 d5 11. Ne5 Nf6 12. 0-0-0 e6 13. f3 Nfd7 14. exd5 cxd5 15. f4 a5 16. a4 Nf6 17. g4 Nbd7 18. f5 Nxe5 19. dxe5 Nxg4 20. fxg6 fxg6 21. Bc5 Qg5 22. Nb5 Qxd2+ 23. Rxd2 Bxe5 24. Re2 Kd7 25. Rf1 Bxh2 26. Rf7+ Kc6 27. Bd4 e5 28. Rc7# 1-0

[Event "Subotica-ch"]
[Site "Subotica"]
[Date "2008.02.22"]
[Round "3"]
[White "Mandovic, Mirko"]
[Black "Meszaros, Bela"]
[Result "0-1"]
[WhiteElo "2029"]
[BlackElo "2306"]
[PlyCount "52"]
[EventDate "2008.02.18"]
[EventType "swiss"]
[EventRounds "9"]
[EventCountry "YUG"]
[SourceTitle "CBM 123 Extra"]
[Source "ChessBase"]
[SourceDate "2008.05.06"]
[SourceVersion "1"]
[SourceVersionDate "2008.05.06"]
[SourceQuality "1"]

1. c4 Nf6 2. Nf3 g6 3. g3 Bg7 4. Bg2 0-0 5. 0-0 d6 6. Nc3 Nc6 7. d4 Bd7 8. d5 Na5 9. Qd3 c5 10. e4 a6 11. Bd2 b5 12. b3 Rb8 13. Rab1 Qc7 14. a4 bxc4 15. bxc4 Rb4 16. Nb5 axb5 17. Bxb4 cxb4 18. cxb5 Qc3 19. Qe2 b3 20. Rfc1 Qb4 21. Qe1 Qxe1+ 22. Nxe1 e6 23. dxe6 Bxe6 24. Bf3 Nd7 25. Rd1 Nc5 26. Rxd6 b2 0-1

[Event "Subotica-ch"]
[Site "Subotica"]
[Date "2008.02.18"]
[Round "1"]
[White "Mandovic, Mirko"]
[Black "Arbutina, Sinisa"]
[Result "0-1"]
[WhiteElo "2029"]
[BlackElo "2271"]
[PlyCount "80"]
[EventDate "2008.02.18"]
[EventType "swiss"]
[EventRounds "9"]
[EventCountry "YUG"]
[SourceTitle "CBM 123 Extra"]
[Source "ChessBase"]
[SourceDate "2008.05.06"]
[SourceVersion "1"]
[SourceVersionDate "2008.05.06"]
[SourceQuality "1"]

1. Nf3 d5 2. d4 Nf6 3. e3 Bf5 4. Nbd2 e6 5. c4 c6 6. Qb3 Qb6 7. c5 Qc7 8. Be2 Nbd7 9. Nh4 Be7 10. Nxf5 exf5 11. Qc2 g6 12. g3 h5 13. h4 0-0 14. Rb1 b5 15. 0-0 Ne4 16. Kg2 Ndf6 17. Bf3 Rfe8 18. Nxe4 fxe4 19. Be2 Ng4 20. Bd2 a5 21. a4 b4 22. b3 Kg7 23. Rh1 Bf6 24. Rbe1 Qd7 25. Qd1 Bd8 26. Bf1 Bc7 27. Kg1 Re6 28. Bg2 Rg8 29. Rf1 Kf8 30. Qe2 Ke7 31. Bh3 f5 32. Bg2 Qc8 33. Rd1 Kd7 34. Kf1 Qb8 35. Be1 g5 36. Kg1 f4 37. Bf1 fxg3 38. Bh3 gxh4 39. fxg3 Bxg3 40. Bxg3 Qxg3+ 0-1